000
00324nam a2200133Ia 4500
008
240624s9999 xx 000 0 und d
041
_a
eng
082
_a
891.46 BHA
100
_a
BHANDARKAR NEHA
245
_a
AABHASARAI
260
_c
2014
_a
Pune
_b
Vats-Vinayak Prakashan
300
_a
125 : p. : cm. ; 21
365
_c
RS
_b
25
999
_c
23807
_d
23807